| 000 | 01465nam a2200301 i 4500 | ||
|---|---|---|---|
| 003 | OSt | ||
| 005 | 20260203155829.0 | ||
| 008 | 251214s2024 enkab jd 001 0 eng d | ||
| 020 |
_a9781800660458 _cRM135.00 _qhardback |
||
| 040 |
_aPPAK _beng _cPPAK _erda |
||
| 082 | 0 | 4 |
_a929.92 _223 |
| 090 | 0 | 0 |
_a929.92 _bJAC _dRK |
| 100 | 1 |
_aJacobs, Robin, _eauthor. |
|
| 245 | 1 | 0 |
_aALL ABOUT FLAGS / _cwritten by Robin Jacobs ; illustrated by Ben Javens |
| 264 | 1 |
_aLondon : _bCicada Books Ltd, _c2024 |
|
| 300 |
_a103 pages : _bcolour illustrations, colour maps ; _c30 cm |
||
| 336 |
_atext _2rdacontent |
||
| 336 |
_astill image _2rdacontent |
||
| 337 |
_aunmediated _2rdamedia |
||
| 338 |
_avolume _2rdacarrier |
||
| 500 | _aIncludes index of countries. | ||
| 520 | _aWhy is the Ethiopian flag so inspirational? Which country has the widest flag in the world? Why does the Russian flag look similar to that of the Netherlands? What does the black star mean on the flag of Ghana? Unlock the stories that hide behind the colours and symbols of flags around the world and find the answers to these and many more questions within. From the Rising Sun flag of Japan to the Sun of May flag of Argentina, discover the joys of vexillology. | ||
| 650 | 1 | 0 |
_aFlags _vJuvenile literature. |
| 650 | 2 | 0 |
_aEmblems, National _vJuvenile literature. |
| 650 | 2 | 0 |
_aSymbolism _vJuvenile literature. |
| 700 | 1 |
_aJavens, Ben, _eillustrator. |
|
| 942 |
_2ddc _cB |
||
| 999 |
_c202148 _d202148 |
||